01105nam a22002057a 45000010005000000030006000050050017000110080041000280400029000690500013000980820008001111000023001192450110001422600037002523000044002894900044003335200456003776500034008337000032008675688FISKH20250114093729.0250114b cb ||||| |||| 00| 0 eng d aFISKHbengcFISKHdFISKH aBF637.S8 a158 aCovey, Stephen R.  aThe seven habits of highly effective people :bPowerful lessons in personal change /cby Stephen R. Covey aNew York :bFree Press ;c2004.  a218 pages : billustrations ;c30 cm .  aThe 7 Habits of Highly Effective People aIn The 7 Habits of Highly Effective People, author Stephen R. Covey presents a holistic, integrated, principle-centered approach for solving personal and professional problems. With insights and anecdotes, Covey reveals a step-by-step pathway for living with fairness, integrity, service, and human dignity -- principles that give us the security to adapt to change and the wisdom and power to take advantage of the opportunities that change creates.  aself-improvementvnon-fiction aAbelli, Tizianaetranslator